Представление документа в формате MARC21

Поле Инд. ПП Название Значение
Тип записи a
Библиографический уровень b
001 Контрольный номер e904384b28064e3388fc0b31ac359434
005 Дата корректировки 20251009122521.7
024 80 a Стандартный номер 10.3103/S0145875225700310
040 a Служба первич. каталог. РИНЦ
b Код языка каталог. rus
041 0_ a Код языка текста eng
097 a Василенко М.А.
100 1_ a Автор Karimova O. V.
100 1_ a Автор Eremin N. N.
100 1_ a Автор Mezhueva A.
100 1_ a Автор Chareev D. A.
c Титул (звания) доцент (ученое звание); кандидат химических наук; профессор (должность);
i 000091010
g Прочие сведения РИНЦ AuthorID: 135561 (http://elibrary.ru/author_profile.asp?id= 135561); SPIN-код: 6270-1872 (http://elibrary.ru/author_items.asp?authorid=135561); Scopus Author ID: 15051531400v (https://www.scopus.com/authid/detail.uri?authorId=15051531400); ORCID ID: http://orcid.org/0000-0002-9380-2680
k Кафедра химии, новых технологий и материалов; Факультет естественных и инженерных наук
q Полное имя Чареев Дмитрий Александрович
u Дополнение Чареев Д. А.; Chareev D. A.
245 10 a Заглавие Structural Transformations and Froodite (α-PdBi2)–Urvantsevite (β-PdBi2) Phase Transition at High Temperatures
773 18 t Название источника Moscow university geology bulletin
b Сведения об издании Pleiades Publishing, Ltd.
c Russia
d Место и дата издания 2025
m Специф. данные входит в Белый список; входит в Scopus; входит в Wos; входит в ядро РИНЦ; журнал из перечня ВАК;ненулевой импакт-фактор
n Примечание Вестник Московского университета. Серия 4: Геология
q У3 Белый список; Q3 Scopus 2024
o Прочие индексы SJR 0.210
x ISSN 0145-8752
g Прочая информация Т. 80. - № 2. - С. 199 - 205
w Контрольный № источника 9722423da78f4e69b7444040addf7574
901 t Тип документа b
952 c Вид литературы статья в журнале